[Event "Bled 2002"]
[Site "Bled"]
[Date "2002.10.31"]
[Round "06"]
[White "Xu Yuhua"]
[Black "Dembo Yelena"]
[Result "1-0"]
[WhiteTitle "WGM"]
[WhiteElo "2473"]
[WhiteCountry "CHN"]
[BlackTitle "WGM"]
[BlackElo "2375"]
[BlackCountry "HUN"]
[Remark "Bled 2002"]
[PresId "1000060042"]

1. e4 c5 2. Nf3 Nc6 3. Bb5 g6 4. O-O Bg7 5. Re1 Nf6 6. c3 O-O 7. h3 e5
8. d3 d6 9. Nbd2 Bd7 10. Nf1 h6 11. a3 Ne8 12. b4 b6 13. Bc4 Kh7 14.
Ng3 Nc7 15. h4 Be6 16. Ba2 Qd7 17. Nh2 cxb4 18. axb4 d5 19. exd5 Nxd5
20. Bd2 Nf4 21. Bxf4 exf4 22. Bxe6 fxe6 23. Ne4 Rad8 24. Qa4 a5 25.
bxa5 Nxa5 26. Qxd7 Rxd7 27. Reb1 Rxd3 28. Rxb6 Nc4 29. Rxe6 Ne5 30. f3
Rfd8 31. Nf1 Nc4 32. Ra7 R8d7 33. Rxd7 Rxd7 34. Rc6 Ne5 35. Rc8 Ra7
36. Nfd2 Nd3 37. Kh2 Ra1 38. Rc7 Kg8 39. Rd7 Nc1 40. Rd6 Kf7 41. Rc6
Ne2 42. Nd6+ Kg8 43. N2e4 Be5 44. Nc4 Bxc3 45. Rxg6+ Kh7 46. h5 Bd4
47. Nf6+ Bxf6 48. Rxf6 Rc1 49. Nd6 Rc6 50. Kh3 Nc3 51. Kg4 Nd5 52. Re6
Rc2 53. g3 fxg3 54. Kxg3 Rg2+ 55. Kxg2 Nf4+ 56. Kg3 Nxe6 57. Kg4 Kg7
58. Nf5+ Kh7 59. f4 Nc5 60. Nd6 Kg7 61. Kf5 Nb3 62. Ke5 Nc5 63. Nf5+
Kh7 64. Ne3 Nd3+ 65. Ke4 Nc5+ 66. Kf3 Kg7 67. Ng4 Nb7 68. f5 Nd6 69.
Kf4 Nf7 70. f6+ Kf8 71. Kf5 Kg8 72. Kg6 Kf8 73. Nxh6 Nd6 74. Ng4 Nf7
75. Kf5 Nd6+ 76. Ke6 Nf7 77. Ne5 Nh6 78. Ng6+ Kg8 79. Ne7+ Kf8 80. Nf5
Nf7 81. Nd6 Nh6 82. Ke5 Ng4+ 83. Kf5 Ne3+ 84. Kg6 Ng4 85. h6 1-0
*

[Event "Bled 2002"]
[Site "Bled"]
[Date "2002.10.31"]
[Round "06"]
[White "Lakos Nikoletta"]
[Black "Zhao Xue"]
[Result "0-1"]
[WhiteTitle "WGM"]
[WhiteElo "2350"]
[WhiteCountry "HUN"]
[BlackTitle "WGM"]
[BlackElo "2367"]
[BlackCountry "CHN"]
[Remark "Bled 2002"]
[PresId "1000060043"]

1. e4 c5 2. Nf3 d6 3. d4 cxd4 4. Nxd4 Nf6 5. Nc3 a6 6. Be3 e5 7. Nb3
Be6 8. f3 Nbd7 9. g4 b5 10. g5 Nh5 11. Qd2 Nb6 12. Nd5 Bxd5 13. exd5
Rc8 14. Na5 Nxd5 15. Nb7 Nxe3 16. Nxd8 Nxc2+ 17. Kd1 Nxa1 18. Nxf7
Kxf7 19. Qd5+ Ke8 20. Qb7 Rd8 21. Qxa6 Kf7 22. Qb7+ Be7 23. Qd5+ Kf8
24. Qe4 g6 25. Qb1 Bxg5 26. Qxa1 Rc8 27. Bxb5 Kg7 28. Rg1 Bf6 29. a4
Rc5 30. b4 Rd5+ 31. Kc2 e4 32. Qa2 Rc8+ 33. Kb1 Rd4 34. Qb3 e3 35. Re1
Nf4 36. Rxe3 Nd5 37. Ba6 Rb8 38. b5 Rb4 39. Ka2 Rxb3 40. Rxb3 Nc7 0-1
*


[Event "Bled 2002"]
[Site "Bled"]
[Date "2002.11.01"]
[Round "07"]
[White "Ye Jiangchuan"]
[Black "Pelletier Yannick"]
[Result "1-0"]
[WhiteTitle "GM"]
[WhiteElo "2667"]
[WhiteCountry "CHN"]
[BlackTitle "GM"]
[BlackElo "2587"]
[BlackCountry "SUI"]
[Remark "Bled 2002"]
[PresId "0000070111"]  
1. e4 e6 2. d4 d5 3. Nd2 c5 4. exd5 exd5 5. Ngf3 Nf6 6. Bb5+ Bd7 7.
Bxd7+ Nbxd7 8. O-O Be7 9. dxc5 Nxc5 10. Nb3 Nce4 11. Nfd4 O-O 12. Nf5
Re8 13. Nxe7+ Qxe7 14. Be3 Nd6 15. Bd4 Nd7 16. Qd2 Ne4 17. Qf4 Nef6
18. Rad1 Qb4 19. Qf3 a6 20. c3 Qd6 21. h3 Re6 22. c4 Ne5 23. Bxe5 Rxe5
24. cxd5 Rd8 25. Na5 Qb4 26. Qc3 Qxc3 27. bxc3 Rdxd5 28. Nxb7 Kf8 29.
c4 Rxd1 30. Rxd1 Re2 31. a4 Ke7 32. Nc5 Ne4 33. Nxa6 Nxf2 34. Ra1 Nd3
*

[Event "Bled 2002"]
[Site "Bled"]
[Date "2002.11.01"]
[Round "07"]
[White "Gallagher Joseph"]
[Black "Xu Jun"]
[Result "1/2-1/2"]
[WhiteTitle "GM"]
[WhiteElo "2540"]
[WhiteCountry "SUI"]
[BlackTitle "GM"]
[BlackElo "2643"]
[BlackCountry "CHN"]
[Remark "Bled 2002"]
[PresId "0000070112"]  
1. e4 c5 2. Nf3 d6 3. d4 cxd4 4. Nxd4 Nf6 5. Nc3 a6 6. Be3 Ng4 7. Bg5
h6 8. Bh4 g5 9. Bg3 Bg7 10. h3 Nf6 11. Qf3 Qb6 12. O-O-O Nc6 13. Nxc6
Qxc6 14. Be2 Qc5 15. e5 dxe5 16. Qe3 Qxe3+ 17. fxe3 e4 18. Rd4 O-O 19.
Nxe4 Nxe4 20. Rxe4 Be6 21. Bc4 Bxc4 22. Rxc4 Rac8 23. Rxc8 Rxc8 24.
*

[Event "Bled 2002"]
[Site "Bled"]
[Date "2002.11.01"]
[Round "07"]
[White "Zhang Zhong"]
[Black "Jenni Florian"]
[Result "1-0"]
[WhiteTitle "GM"]
[WhiteElo "2620"]
[WhiteCountry "CHN"]
[BlackTitle "IM"]
[BlackElo "2483"]
[BlackCountry "SUI"]
[Remark "Bled 2002"]
[PresId "0000070113"]  
1. e4 e5 2. Nf3 Nc6 3. Bb5 a6 4. Ba4 Nf6 5. O-O Be7 6. Re1 b5 7. Bb3
O-O 8. h3 Bb7 9. d3 d6 10. a3 Re8 11. Nc3 Qd7 12. Ne2 h6 13. Ng3 Bf8
14. Bd2 g6 15. c4 Nd8 16. a4 bxc4 17. Bxc4 c5 18. b4 cxb4 19. Bxb4 Nc6
20. Bc3 Bg7 21. Qb3 Rab8 22. Nh4 Nd4 23. Bxd4 exd4 24. Reb1 d5 25.
exd5 Bxd5 26. Qxb8 Rxb8 27. Rxb8+ Kh7 28. Bxd5 Nxd5 29. Nf3 Nf4 30.
Ne1 Qc6 31. Rb3 Be5 32. Kf1 Bc7 33. a5 Qd5 34. Rba3 f5 35. Ra4 Qb5 36.
Ne2 Nxe2 37. Kxe2 Qb2+ 38. Kf1 Bd6 39. R4a2 Qb5 40. Rc1 h5 41. Rc4 Qb1
42. Raa4 Bf4 43. Rc2 Qd1 44. Rxd4 Bd2 45. Rc7+ Kh6 46. Re7 Qa1 47.
Rdd7 Kg5 48. Re6 Bxa5 49. g3 f4 50. Rd5+ Kh6 51. gxf4 Bxe1 52. Rxe1
Qf6 53. Re4 h4 54. Rde5 Qd6 55. d4 Qa3 56. Kg2 a5 57. f5 gxf5 58. Rxf5
a4 59. Rxh4+ Kg6 60. Rf3 Qd6 61. Rg4+ Kh6 62. Rfg3 Kh5 63. Kg1 Qh6 64.
*

[Event "Bled 2002"]
[Site "Bled"]
[Date "2002.11.01"]
[Round "07"]
[White "Ekstroem Roland"]
[Black "Bu Xiangzhi"]
[Result "1/2-1/2"]
[WhiteTitle "IM"]
[WhiteElo "2478"]
[WhiteCountry "SUI"]
[BlackTitle "GM"]
[BlackElo "2601"]
[BlackCountry "CHN"]
[Remark "Bled 2002"]
[PresId "0000070114"]  
1. e4 c5 2. c3 d5 3. exd5 Qxd5 4. d4 Nc6 5. Nf3 Bg4 6. Be2 cxd4 7.
cxd4 e6 8. Nc3 Qa5 9. d5 exd5 10. Nd4 Bd7 11. O-O Nxd4 12. Qxd4 Nf6
*

[Event "Bled 2002"]
[Site "Bled"]
[Date "2002.11.01"]
[Round "07"]
[White "Zhu Chen"]
[Black "Skripchenko-Lautier Almir"]
[Result "1-0"]
[WhiteTitle "GM"]
[WhiteElo "2509"]
[WhiteCountry "CHN"]
[BlackTitle "WGM"]
[BlackElo "2497"]
[BlackCountry "FRA"]
[Remark "Bled 2002"]
[PresId "1000070021"]  
1. d4 d5 2. c4 dxc4 3. Nf3 e6 4. e3 c5 5. Bxc4 a6 6. Bb3 Nf6 7. O-O b5
8. a4 b4 9. Nbd2 Be7 10. e4 cxd4 11. e5 Nfd7 12. Ne4 Nc6 13. Bf4 O-O
14. Rc1 Bb7 15. Qd3 Re8 16. Rfe1 Nf8 17. Bg3 Na5 18. Bc2 Qd5 19. Bb1
Nb3 20. Rc7 Nc5 21. Qd2 Nfd7 22. Qf4 d3 23. Nxc5 Nxc5 24. Bh4 Nd7 25.
Bxe7 Rxe7 26. Rd1 Qe4 27. Qg3 Qe2 28. Rd2 Nxe5 29. Rxe2 Nxf3+ 30. Kf1
dxe2+ 31. Kxe2 Nd4+ 32. Ke3 Nc6 33. Bxh7+ Kxh7 34. Rxe7 Nxe7 35. Qh4+
Kg8 36. Qxe7 Bxg2 37. Qxb4 a5 38. Qb6 Bd5 39. b4 axb4 40. Qxb4 f6 41.
a5 Kf7 42. Qb6 Kg6 43. a6 Kh6 44. a7 Kg6 45. Kd4 Kf7 46. Qc7+ Kg6 47.
f4 f5 48. Qe7 Kh7 49. Qf7 Kh8 50. Ke3 Kh7 51. Kf2 Kh6 52. h4 Rc8 53.
*

[Event "Bled 2002"]
[Site "Bled"]
[Date "2002.11.01"]
[Round "07"]
[White "Sebag Marie"]
[Black "Xu Yuhua"]
[Result "0-1"]
[WhiteTitle "WIM"]
[WhiteElo "2362"]
[WhiteCountry "FRA"]
[BlackTitle "WGM"]
[BlackElo "2473"]
[BlackCountry "CHN"]
[Remark "Bled 2002"]
[PresId "1000070022"]  
1. e4 c5 2. Nf3 d6 3. d4 cxd4 4. Nxd4 Nf6 5. Nc3 a6 6. Be2 e5 7. Nb3
Be7 8. Be3 Be6 9. Nd5 Nbd7 10. Qd3 O-O 11. c4 b5 12. cxb5 axb5 13. Bf3
Bxd5 14. exd5 e4 15. Bxe4 Ne5 16. Qb1 Nxe4 17. Qxe4 f5 18. Qc2 f4 19.
Bd4 f3 20. O-O Rf4 21. Bxe5 dxe5 22. Rfd1 Bd6 23. Nd2 Qg5 24. g3 Raf8
25. Kh1 Qg4 26. Re1 R8f6 27. Rg1 Rh6 28. Nf1 Rc4 29. Qb3 Rb4 30. Qc3
e4 31. b3 e3 32. Qxe3 Re4 33. Qd3 Re2 34. Rc1 Rxf2 35. Rc2 Rxc2 36.
Qxc2 Qd4 37. Nd2 Qf2 38. Qc8+ Bf8 39. Nf1 Qxa2 40. h4 Qxb3 41. Qa8 Rd6
*

[Event "Bled 2002"]
[Site "Bled"]
[Date "2002.11.01"]
[Round "07"]
[White "Zhao Xue"]
[Black "Te-Llalemand Rosa"]
[Result "1-0"]
[WhiteTitle "WGM"]
[WhiteElo "2367"]
[WhiteCountry "CHN"]
[BlackTitle "WGM"]
[BlackElo "2301"]
[BlackCountry "FRA"]
[Remark "Bled 2002"]
[PresId "1000070023"]  
1. d4 Nf6 2. Nf3 g6 3. c4 Bg7 4. Nc3 d6 5. e4 O-O 6. Be2 e5 7. Be3 Ng4
8. Bg5 f6 9. Bh4 Nc6 10. d5 Ne7 11. Nd2 Nh6 12. f3 Nf7 13. b4 f5 14.
c5 f4 15. Nc4 g5 16. Bf2 Ng6 17. g4 fxg3 18. hxg3 g4 19. fxg4 b6 20.
Ne3 a5 21. a3 Nf4 22. Rc1 axb4 23. axb4 Nxe2 24. Qxe2 bxc5 25. bxc5
Ba6 26. Qd1 Nh6 27. Nf5 Nxf5 28. gxf5 c6 29. Qh5 h6 30. Be3 Rf6 31.
dxc6 dxc5 32. c7 Qd3 33. Kf2 Bb7 34. Rhd1 Qa6 35. Ra1 Qxa1 36. Rxa1
Rxa1 37. Qe8+ Rf8 38. Qe6+ Kh8 39. Bxh6 Ra6 40. Bxg7+ Kxg7 41. Qxe5+
*

[Event "Bled 2002"]
[Site "Bled"]
[Date "2002.11.02"]
[Round "08"]
[White "Ni Hua"]
[Black "Vakhidov Tahir"]
[Result "1/2-1/2"]
[WhiteTitle "FM"]
[WhiteElo "2545"]
[WhiteCountry "CHN"]
[BlackTitle "IM"]
[BlackElo "2545"]
[BlackCountry "UZB"]
[Remark "Bled 2002"]
[PresId "0000080074"]

1. e4 e5 2. Nf3 Nf6 3. Nxe5 d6 4. Nf3 Nxe4 5. d4 d5 6. Bd3 Bd6 7. O-O
O-O 8. c4 c6 9. Qc2 Na6 10. a3 f5 11. c5 Bb8 12. Nc3 Nc7 13. Bf4 Ne6
14. Bxb8 Rxb8 15. Ne2 Qf6 16. b4 a6 17. Qb2 f4 18. Ne5 N4g5 19. f3 Nf7
20. Kh1 Re8 21. Rfe1 Nf8 22. Nxf7 Kxf7 23. Rad1 g5 24. Qc2 Kg7 25. a4
Bd7 26. b5 axb5 27. axb5 Re3 28. bxc6 bxc6 29. Ra1 Rbe8 30. Rf1 R8e7
31. Ra7 h5 32. Rb1 h4 33. h3 Bc8 34. Rxe7+ Qxe7 35. Kh2 Qf6 36. Rb8
Bd7 37. Ba6 Re8 38. Qb2 Ne6 39. Rxe8 Bxe8 40. Qb8 Qd8 41. Qe5+ Qf6 42.
Qd6 Kf7 43. Bc8 Nf8 44. Qb8 Qd8 45. Qb7+ Qe7 46. Qb2 Qe3 47. Ba6 Ne6
48. Qb7+ Kf6 49. Qh7 Bg6 50. Qh8+ Kf7 51. Qc8 Bd3 52. Qb7+ Kf6 53.
Bxd3 Qxd3 54. Qb2 Qe3 55. Kh1 Ng7 56. Ng1 Nf5 57. Qb8 Qe6 58. Qh8+ Kg6
59. Kh2 Ng3 60. Qf8 Nf1+ 61. Kh1 Ne3 62. Qh8 Nf5 63. Kh2 Ng3 64. Qd8
Nf1+ 65. Kh1 Ne3 66. Qh8 Qf6 67. Qe8+ Kh6 68. Ne2 Nf5 69. Kh2 Ng3 70.
Ng1 Nf1+ 71. Kh1 Ng3+ 72. Kh2 Kg7 73. Qd7+ Kg6 74. Qe8+ Kh7 75. Qd7+
Kh8 76. Qe8+ Kg7 77. Qd7+ Kg6 78. Qe8+ Kh6 79. Qd7 Nf1+ 1/2-1/2
*

[Event "Bled 2002"]
[Site "Bled"]
[Date "2002.11.02"]
[Round "08"]
[White "Xu Jun"]
[Black "Safin Shukhrat"]
[Result "1-0"]
[WhiteTitle "GM"]
[WhiteElo "2643"]
[WhiteCountry "CHN"]
[BlackTitle "GM"]
[BlackElo "2542"]
[BlackCountry "UZB"]
[Remark "Bled 2002"]
[PresId "0000080072"]

1. c4 g6 2. d4 Bg7 3. Nc3 Nf6 4. e4 d6 5. Be2 O-O 6. Nf3 e5 7. O-O Nc6
8. d5 Ne7 9. b4 Nh5 10. Re1 f5 11. Ng5 Nf6 12. f3 c6 13. Be3 Bh6 14.
h4 cxd5 15. cxd5 Bd7 16. Qd2 f4 17. Bf2 Bxg5 18. hxg5 Nh5 19. Rec1 a6
20. b5 Nc8 21. bxa6 bxa6 22. Rab1 Qxg5 23. Rb7 Rf7 24. Rcb1 Qd8 25.
Qe1 g5 26. Rb8 Rxb8 27. Rxb8 g4 28. fxg4 Ng3 29. Bxg3 fxg3 30. Qxg3
Qg5 31. Nd1 Qd2 32. Bf3 Qxa2 33. Ne3 Qd2 34. Nf5 Qg5 35. Qh3 Rf6 36.
Be2 Qc1+ 37. Bf1 Qc7 38. Ra8 Qb6+ 39. Kh2 Qb7 40. Qh4 Qxa8 41. Qxf6
Bxf5 42. Qd8+ Kf7 43. exf5 Qb7 44. Qh8 Qb4 45. Qxh7+ Ke8 46. Qg8+ Kd7
47. Qg7+ Ke8 48. Bxa6 Qf4+ 49. Kh3 Na7 50. f6 1-0
*

[Event "Bled 2002"]
[Site "Bled"]
[Date "2002.11.02"]
[Round "08"]
[White "Dzhumaev Marat"]
[Black "Zhang Zhong"]
[Result "0-1"]
[WhiteTitle "GM"]
[WhiteElo "2495"]
[WhiteCountry "UZB"]
[BlackTitle "GM"]
[BlackElo "2620"]
[BlackCountry "CHN"]
[Remark "Bled 2002"]
[PresId "0000080073"]

1. e4 c5 2. Nf3 e6 3. d3 Nc6 4. g3 d5 5. Nbd2 Bd6 6. Bg2 Nge7 7. O-O
O-O 8. Re1 Qc7 9. Qe2 f6 10. c3 Bd7 11. a3 a5 12. Nh4 g5 13. Nhf3 h6
14. Nf1 d4 15. cxd4 cxd4 16. e5 Bxe5 17. Nxe5 Qxe5 18. Qd1 Qc7 19. f4
Nf5 20. h4 gxh4 21. g4 Ng7 22. f5 exf5 23. gxf5 Bxf5 24. Bd5+ Kh8 25.
Qd2 Bh7 26. Qxh6 Nf5 27. Qh5 Rg8+ 28. Kf2 Ne5 29. Be4 Ng4+ 30. Ke2
Qc2+ 31. Bd2 Rae8 32. Kf3 Rxe4 33. dxe4 Qd3+ 34. Kg2 Nge3+ 0-1
*

[Event "Bled 2002"]
[Site "Bled"]
[Date "2002.11.02"]
[Round "08"]
[White "Xu Yuhua"]
[Black "Ioseliani Nana"]
[Result "1/2-1/2"]
[WhiteTitle "WGM"]
[WhiteElo "2473"]
[WhiteCountry "CHN"]
[BlackTitle "WGM"]
[BlackElo "2491"]
[BlackCountry "GEO"]
[Remark "Bled 2002"]
[PresId "1000080012"]

1. e4 c6 2. d4 d5 3. Nc3 dxe4 4. Nxe4 Bf5 5. Ng3 Bg6 6. h4 h6 7. Nf3
Nd7 8. h5 Bh7 9. Bd3 Bxd3 10. Qxd3 e6 11. Bd2 Ngf6 12. O-O-O Be7 13.
Kb1 O-O 14. Ne4 c5 15. dxc5 Nxc5 16. Nxf6+ Bxf6 17. Qb5 Qc7 18. Be3
Rac8 19. g4 Ne4 20. Qd3 Qc4 21. a3 b6 22. Rhe1 Qxd3 23. Rxd3 Nc5 24.
Rd2 Rfd8 25. Red1 Rxd2 26. Rxd2 Kf8 27. Nd4 Ne4 28. Rd3 Nc5 29. Rc3
Rd8 30. Rc4 Bxd4 31. Bxd4 Ne4 32. Kc1 Nd6 33. Rc6 f6 34. Bc3 Ne4 35.
Bb4+ Kg8 36. f3 Ng5 37. f4 Nh3 38. Rxe6 Nxf4 39. Re4 Nh3 40. Bd2 Kf7
41. Be3 Ng5 42. Rc4 Rd7 43. b4 Nf3 44. a4 Ne5 45. Re4 Ke6 46. c4 Rc7
47. c5 bxc5 48. Bxc5 a5 49. Kd2 axb4 50. Bxb4 Kd5 51. Ke3 Nc4+ 52. Kf4
Ra7 53. Bf8 Rf7 54. Bb4 Ra7 55. Bf8 Rf7 56. Bb4 Ra7 1/2-1/2
*

[Event "Bled 2002"]
[Site "Bled"]
[Date "2002.11.04"]
[Round "09"]
[White "Ftacnik Lubomir"]
[Black "Xu Jun"]
[Result "1/2-1/2"]
[WhiteTitle "GM"]
[WhiteElo "2603"]
[WhiteCountry "SVK"]
[BlackTitle "GM"]
[BlackElo "2643"]
[BlackCountry "CHN"]
[Remark "Bled 2002"]
[PresId "0000090022"]

1. Nf3 Nf6 2. c4 e6 3. g3 d5 4. Bg2 Be7 5. O-O O-O 6. b3 c5 7. Bb2 Nc6
8. e3 b6 9. Qe2 Bb7 10. Rd1 Rc8 11. cxd5 Nxd5 12. Nc3 Bf6 13. Rab1
Nxc3 14. dxc3 Qc7 15. c4 Bxb2 16. Rxb2 1/2-1/2
*

[Event "Bled 2002"]
[Site "Bled"]
[Date "2002.11.04"]
[Round "09"]
[White "Zhang Zhong"]
[Black "Timoscenko Gennadij"]
[Result "1/2-1/2"]
[WhiteTitle "GM"]
[WhiteElo "2620"]
[WhiteCountry "CHN"]
[BlackTitle "GM"]
[BlackElo "2509"]
[BlackCountry "SVK"]
[Remark "Bled 2002"]
[PresId "0000090023"]

1. e4 e5 2. Nf3 Nc6 3. Bb5 a6 4. Ba4 Nf6 5. O-O Be7 6. Re1 b5 7. Bb3
d6 8. c3 O-O 9. h3 Na5 10. Bc2 c5 11. d4 Qc7 12. d5 Nc4 13. b3 Nb6 14.
Nbd2 g6 15. a4 Bd7 16. a5 Nc8 17. Nf1 Nh5 18. Bh6 Re8 19. Qd2 Bf8 20.
Ng3 Nxg3 21. fxg3 Ne7 22. Rf1 f6 23. Bxf8 Rxf8 24. Qh6 Qd8 25. Rf2 Kh8
26. Nh4 Qe8 27. Raf1 Ng8 28. Qe3 Kg7 29. Nf3 Qe7 30. Kh2 Rae8 31. b4
c4 32. Ng1 Bc8 33. g4 Qd8 34. Ne2 Qe7 35. Rf3 Qd8 36. Ng3 Qe7 37. R1f2
Qd8 38. Qe1 Qe7 39. Nf1 Rf7 40. Ne3 Ref8 41. Qf1 Qc7 42. Bd1 Qe7 43.
Be2 Qc7 44. Qe1 Qe7 45. Rf1 Qc7 46. Qg3 Ne7 47. Qf2 Ng8 48. Qg1 Ne7
49. R1f2 Ng8 50. Qf1 Qe7 51. Bd1 Qc7 52. Bc2 Qe7 53. Qg1 Qc7 54. Nf1
Qe7 55. Nd2 Qc7 56. Rf1 Ne7 57. Qe3 Ng8 58. R3f2 Qa7 59. Qg3 Ne7 60.
Rf3 Ng8 61. Qh4 Qe7 62. Qg3 Qa7 63. R1f2 Qe7 64. Nf1 Qd8 65. Qh4 Qe7
66. Ng3 Qd8 67. Kg1 Qe7 68. Kf1 Qa7 69. Ke2 Qe7 70. Kd2 Qa7 71. Nf1
Qe7 72. Qg3 Qd8 73. Ne3 Qe7 74. Rf1 Qd8 75. Qh2 Qe7 76. h4 Qd8 77. Rh1
h6 78. Rg3 Ne7 79. Bd1 Rh8 80. Rf1 Rff8 81. Qg1 Rf7 82. Qf2 Rhf8 83.
Rf3 Ng8 84. Qg3 Qe7 85. Qh2 Qd8 86. Be2 Qe7 87. Rh1 Qd8 88. Bd1 Qe7
89. Rg3 Kh8 90. Bc2 Rh7 91. Qg1 Qd8 92. Qf2 Qe7 93. Rf3 Rhf7 94. Kc1
Kg7 95. Qd2 Kh8 96. Rg3 Rh7 97. Bd1 Bd7 98. Qe1 Bc8 99. Rf3 Bd7 100.
Qg3 Bc8 101. Rf2 Bd7 102. Bc2 Bc8 103. Nf1 Bd7 104. Nh2 Bc8 105. Rhf1
Rhf7 106. Kd2 Kg7 107. Nf3 Qa7 108. Nh2 Qe7 109. Rf3 Qd8 110. Rh1 Kh8
111. Qf2 Qe7 112. Rf1 Kg7 113. Qg3 Qd8 114. Qf2 Qe7 115. Qg3 1/2-1/2
*

[Event "Bled 2002"]
[Site "Bled"]
[Date "2002.11.04"]
[Round "09"]
[White "Markos Jan"]
[Black "Ni Hua"]
[Result "0-1"]
[WhiteTitle "IM"]
[WhiteElo "2480"]
[WhiteCountry "SVK"]
[BlackTitle "FM"]
[BlackElo "2545"]
[BlackCountry "CHN"]
[Remark "Bled 2002"]
[PresId "0000090024"]

1. Nf3 c5 2. c4 Nc6 3. Nc3 e5 4. g3 g6 5. Bg2 Bg7 6. O-O Nge7 7. Ne1
d6 8. Nc2 O-O 9. Rb1 Be6 10. Nd5 a5 11. a3 a4 12. b4 axb3 13. Rxb3
Na5 14. Rb1 Nxc4 15. Nxe7+ Qxe7 16. Rxb7 Qd8 17. d3 Na5 18. Rb5 Qd7
19. a4 Nc6 20. Ne3 Nd4 21. Bxa8 Nxb5 22. Bd5 Nc3 23. Bxe6 fxe6 24. Qc2
Nxa4 25. Bd2 Nb6 26. Qb3 Nc8 27. Ra1 e4 28. Bc3 Qf7 29. Rf1 exd3 30.
exd3 Bxc3 31. Qxc3 Ne7 32. Qc4 Nc6 33. Qa6 Qf3 34. Nc2 g5 35. Qc4 Qd5
36. Ne3 Qxc4 37. dxc4 Kg7 38. Ra1 Kf6 39. Ra6 Rc8 40. Rb6 Ke5 41. Rb7
Kd4 42. Rg7 Ne5 43. Kf1 Nxc4 44. Ke2 Ra8 45. Nxc4 Kxc4 46. Rxg5 Ra2+
47. Ke3 d5 48. Rh5 d4+ 49. Kf3 Ra3+ 50. Ke2 d3+ 51. Ke3 Ra2 52. Rxh7
Re2+ 53. Kf3 Re5 54. h4 d2 55. Rd7 Rd5 56. Rxd5 Kxd5 0-1
*

[Event "Bled 2002"]
[Site "Bled"]
[Date "2002.11.04"]
[Round "09"]
[White "Wang Pin"]
[Black "Nguyen Thi Thanh An"]
[Result "1-0"]
[WhiteTitle "WGM"]
[WhiteElo "2473"]
[WhiteCountry "CHN"]
[BlackElo "2316"]
[BlackCountry "VIE"]
[Remark "Bled 2002"]
[PresId "1000090033"]

1. e4 c5 2. Nf3 Nc6 3. d4 cxd4 4. Nxd4 g6 5. c4 Bg7 6. Be3 Nf6 7. Nc3
d6 8. Be2 O-O 9. O-O Bd7 10. Qd2 Nxd4 11. Bxd4 Bc6 12. f3 Nd7 13. Be3
a5 14. b3 Nc5 15. Rab1 f5 16. exf5 gxf5 17. Rfd1 Qe8 18. Nd5 Qf7 19.
Bg5 Bxd5 20. Qxd5 Qxd5 21. Rxd5 Rf7 22. Be3 f4 23. Bf2 Raf8 24. Kf1 b6
25. Bd1 Rf5 26. Rxf5 Rxf5 27. Bc2 Rh5 28. b4 Na6 29. bxa5 Rxa5 30.
Bxb6 Rxa2 31. Bb3 Ra3 32. c5+ Rxb3 33. Rxb3 Nxc5 34. Bxc5 dxc5 35. Ke2
Bd4 36. Kd3 Be5 37. Ke4 Bd6 38. Kd5 Kf7 39. Rb1 Kf6 40. Ra1 Kf7 41.
Ra8 h6 42. Rc8 Kg7 43. Ke6 Kg6 44. g4 fxg3 45. hxg3 Kg7 46. f4 Kh7
47. f5 Bxg3 48. Kxe7 Bh4+ 49. Ke6 Bf2 50. f6 Bd4 51. f7 Bg7 52. Rg8
1-0
*

[Event "Bled 2002"]
[Site "Bled"]
[Date "2002.11.04"]
[Round "09"]
[White "Le Kieu Thien Kim"]
[Black "Xu Yuhua"]
[Result "0-1"]
[WhiteTitle "WIM"]
[WhiteElo "2334"]
[WhiteCountry "VIE"]
[BlackTitle "WGM"]
[BlackElo "2473"]
[BlackCountry "CHN"]
[Remark "Bled 2002"]
[PresId "1000090032"]

1. d4 Nf6 2. Nf3 e6 3. e3 b6 4. Bd3 Bb7 5. O-O c5 6. c4 Be7 7. b3 O-O
8. Bb2 Nc6 9. Nc3 cxd4 10. exd4 d5 11. Rc1 Rc8 12. Qe2 Nb4 13. Bb1
dxc4 14. bxc4 Bxf3 15. gxf3 Qc7 16. Ne4 Qf4 17. Nxf6+ Bxf6 18. Qe4 Qh6
19. Kh1 Bg5 20. f4 Bxf4 21. Qg2 Bxc1 22. Bxc1 Qh5 23. a3 Nc6 24. Rg1
g6 25. Qe4 Rfd8 26. Bb2 Nxd4 27. Bxd4 Rxc4 0-1
*

[Event "Bled 2002"]
[Site "Bled"]
[Date "2002.11.05"]
[Round "10"]
[White "Wang Pin"]
[Black "Makropoulou Marina"]
[Result "1/2-1/2"]
[WhiteTitle "WGM"]
[WhiteElo "2473"]
[WhiteCountry "CHN"]
[BlackTitle "WGM"]
[BlackElo "2272"]
[BlackCountry "GRE"]
[Remark "Bled 2002"]
[PresId "1000100022"]

1. e4 d5 2. exd5 Qxd5 3. Nc3 Qa5 4. d4 c6 5. Nf3 Nf6 6. Bc4 Bf5 7. Bd2
e6 8. Nd5 Qd8 9. Nxf6+ Qxf6 10. Qe2 Nd7 11. O-O-O Bg4 12. d5 Bxf3 13.
gxf3 cxd5 14. Bxd5 O-O-O 15. Be4 Qe5 16. f4 Qc7 17. Be3 Bc5 18. Rd3
Nf6 19. Bf3 Rxd3 20. Qxd3 Rd8 21. Qb3 Nd5 22. Rd1 Nxe3 23. Bxb7+ Kb8
24. Bf3+ Bb6 25. fxe3 Rxd1+ 26. Kxd1 Qd8+ 27. Ke2 Qh4 28. Qb4 Qxh2+
29. Kd3 Qh4 30. Qe4 Qd8+ 31. Ke2 Qd7 32. Qxh7 Qb5+ 33. Kf2 Qxb2 34.
Qg8+ Kc7 35. Qxf7+ Kd6 36. Qf8+ Kd7 37. Qf7+ Kd6 38. Qg6 Qxa2 39. Qd3+
Ke7 40. Qc3 Kf8 41. Bh5 Qd5 42. Bg6 Qc5 43. Qb3 Qd6 44. Ke2 Qc6 45.
Qb4+ Qc5 46. Qe4 Qb5+ 47. c4 Qd7 48. Qa8+ Ke7 49. Qg8 Kd6 50. Bf7 Qa4
51. Qf8+ Kc7 52. Qe7+ Qd7 53. Qxe6 Qxe6 54. Bxe6 Kd6 55. Bg4 a5 56.
Kd3 a4 57. Bd1 a3 58. Bb3 Bc5 59. e4 Ke6 60. Ba2 Kf6 61. Ke2 g5 62.
e5+ Kf5 63. fxg5 Kxg5 64. e6 Kf6 65. Kd3 Kxe6 66. Ke4 Kd6 1/2-1/2
*

[Event "Bled 2002"]
[Site "Bled"]
[Date "2002.11.05"]
[Round "10"]
[White "Botsari Anna-Maria"]
[Black "Xu Yuhua"]
[Result "0-1"]
[WhiteTitle "WGM"]
[WhiteElo "2320"]
[WhiteCountry "GRE"]
[BlackTitle "WGM"]
[BlackElo "2473"]
[BlackCountry "CHN"]
[Remark "Bled 2002"]
[PresId "1000100021"]

1. d4 Nf6 2. c4 e6 3. Nc3 Bb4 4. g3 c5 5. Nf3 cxd4 6. Nxd4 Ne4 7. Qd3
Bxc3+ 8. bxc3 Nc5 9. Qf3 d6 10. Bg2 Nbd7 11. O-O Ne5 12. Qf4 Bd7 13.
Nb3 Rc8 14. Qd4 f6 15. Qxd6 b6 16. Nxc5 Rxc5 17. Rd1 Nxc4 18. Qd4 Qc7
19. Qg4 Bc8 20. Qf4 e5 21. Qh4 O-O 22. Be4 h6 23. Bd5+ Kh7 24. g4 Rxd5
25. Rxd5 Bb7 26. Rd3 Qc6 27. f3 e4 28. Rd4 exf3 29. e4 Ne5 30. Bd2 Qe6
31. h3 Nc6 32. Rd5 Qxe4 33. Rd7 Ne7 34. Qf2 Ng6 35. Re1 Qc6 36. Rd4 f5
37. Kh2 fxg4 38. Rxg4 Qd6+ 39. Rg3 Nh4 40. Kg1 Ng2 41. Rf1 Rd8 42. Bc1
Nh4 43. Rg4 Nf5 44. Bf4 Qd5 45. Re1 Qd3 46. Be5 Re8 47. Rf4 g6 48. Kh2
h5 49. Ra4 a5 50. Rf4 b5 51. Bd4 Re2 52. Rxe2 fxe2 53. Qe1 Qd1 54. Bf2
Qd5 55. Qg1 Qe5 56. Qg5 e1Q 57. Bxe1 Qxe1 0-1
*

[Event "Bled 2002"]
[Site "Bled"]
[Date "2002.11.05"]
[Round "10"]
[White "Kouvatsou Maria"]
[Black "Zhao Xue"]
[Result "0-1"]
[WhiteTitle "WGM"]
[WhiteElo "2212"]
[WhiteCountry "GRE"]
[BlackTitle "WGM"]
[BlackElo "2367"]
[BlackCountry "CHN"]
[Remark "Bled 2002"]
[PresId "1000100023"]

1. e4 c5 2. c3 Nf6 3. e5 Nd5 4. d4 cxd4 5. Nf3 e6 6. cxd4 d6 7. a3 Bd7
8. Bd3 Bc6 9. O-O Nd7 10. b4 a6 11. Nbd2 Nf4 12. Be4 d5 13. Bc2 Bb5
14. Re1 Nd3 15. Re3 Nxc1 16. Rxc1 Be7 17. Ne1 Qb6 18. Qg4 g6 19. Nef3
Rc8 20. Ree1 O-O 21. h4 h5 22. Qf4 Kg7 23. Ng5 a5 24. a4 Bc4 25. b5
Ba3 26. Rcd1 Bxb5 27. Re3 Be7 28. Rb3 Rxc2 29. Rxb5 Bxg5 30. hxg5 Qc7
31. Nf3 Rc8 32. Rbb1 b6 33. g4 Rh8 34. gxh5 Rxh5 35. Kg2 Qc4 36. Rh1
Qe2 37. Qg3 Qe4 38. Rbe1 Qf5 39. Rh4 Rc3 40. Rf4 Rh3 41. Qxh3 Qxf4 42.
Rh1 Kf8 43. Qh8+ Ke7 44. Rh3 Qg4+ 45. Rg3 Qe4 46. Rh3 Rc2 47. Rh1 Qg4+
0-1
*

[Event "Bled 2002"]
[Site "Bled"]
[Date "2002.11.06"]
[Round "11"]
[White "Ye Jiangchuan"]
[Black "Ponomariov Ruslan"]
[Result "1/2-1/2"]
[WhiteTitle "GM"]
[WhiteElo "2667"]
[WhiteCountry "CHN"]
[BlackTitle "GM"]
[BlackElo "2743"]
[BlackCountry "UKR"]
[Remark "Bled 2002"]
[PresId "0000110031"]

1. e4 c5 2. Nf3 d6 3. d4 cxd4 4. Nxd4 Nf6 5. Nc3 a6 6. Be2 e5 7. Nb3
Be7 8. Be3 Be6 9. f4 exf4 10. Bxf4 Nc6 11. Qd2 d5 12. exd5 Nxd5 13.
Nxd5 Qxd5 14. Qxd5 Bxd5 15. O-O O-O 16. Rad1 Be6 17. c3 1/2-1/2
*
